Конан унищожителя (Запис номер 13966)
[ съкратено ]
| 000 -Лидер | |
|---|---|
| Контролно поле с фиксирана дължина | 01504nam a2200337 c 4500 |
| 003 - Код на организацията, давaща контролен номер | |
| Контролно поле | BLK |
| 005 - Дата и час на последна редакция | |
| Контролно поле | 20241220112253.0 |
| 008 - Елементи от данни с фиксирана дължина | |
| fixed length control field | 180412b bul|||||r ||||||| ||bul|| |
| 010 ## - Наследен системен номер | |
| LC control number | KNG00015657000 |
| 040 ## - Източник на каталожния запис | |
| Идентификатор на билиотеката - собственик на записа | BLK |
| 041 ## - Код за език | |
| Код за езика на текст/звукозапис или на отделно заглавие | Български |
| Код за езика КДБФ | Български |
| 080 ## - УДК | |
| Текстов определител УДК | Американска литература (на САЩ) |
| УДК код - определител по УДК | 821.111(73) |
| УДК определител | -93-32 |
| УДК - код + определител | 821.111(73)-93-32 |
| 100 ## - Редна дума - Автор | |
| Автор | Хауърд, Робърт Ъруин |
| R(LIN) | 366823 |
| 139 ## - Редно поле | |
| Редна дума | Хауърд, Робърт Ъруин |
| Авторски знак | Хау - Х 32 |
| 245 10 - Сведения за заглавието | |
| Заглавие | Конан унищожителя |
| Подзаглавни данни | Повести |
| Редно поле (дума) | Робърт Ъруин Хауърд; прев. Силвана Миланова. |
| 257 ## - Страна на издаване | |
| Страна на създаване/издаване | Съединени американски щати |
| 260 ## - Област на издателските данни | |
| Име на издателя, разпространителя и проч. | Офир |
| Година на издаване | 1996 |
| Печатница | Враца : Полипринт |
| Място на издаване, разпространение и проч. | Бургас |
| 300 ## - Физическа характеристика | |
| Страници | 248 с. |
| Илюстрации и др. | със сх., факс. |
| Размери/Мащаб | 20 см |
| 380 ## - Жанр | |
| Жанр | Худож. лит. |
| 490 ## - СЕРИИ (Колекции) | |
| Име на серия | Библиотека Фантастика |
| №: серия | 013 |
| 9 (RLIN) | 201146 |
| 490 ## - СЕРИИ (Колекции) | |
| Име на серия | Епоха на героите |
| 9 (RLIN) | 203028 |
| 500 ## - Общи забележки | |
| Забележка | Съдържа : Кралицата на Черния бряг ; Призраците на Занбула ; Червените гвоздеи ; Отвъд Черната река ; Хиборийска ера : Хроника. |
| 700 ## - Други автори (авторска отговорност) | |
| Лично име | Миланова, Силвана Спасова |
| Дати, свързани с автора | 1961- |
| 9 (RLIN) | 486790 |
| 852 ## - Местоположение | |
| Форматна сигнатура | Цб 189705 |
| 856 4# - Електронен адрес и достъп | |
| Електронен формат | pdf - файл |
| Път до файла /url/ | |
| 856 4# - Електронен адрес и достъп | |
| Електронен формат | pdf - файл |
| Път до файла /url/ | |
| 999 ## - СИСТЕМНИ КОНТРОЛНИ НОМЕРА | |
| Koha biblionumber | 13966 |
| Koha biblioitemnumber | 13966 |
| 942 ## - АРТИКУЛИ | |
| Вид на библиотечния материал | Книги |
| Скрит в OPAC | Не |
| Периодичен библиозапис | Да |
| 944 ## - СЪЗДАВАНЕ И РЕДАКЦИЯ на ЗАПИСА | |
| Създаване/Редакция | Създаване |
| Дата на регистрацията/редакция | 15.01.2003 |
| Служител, извършил регистрацията/редакцията | 30560 |
| Статус, дата на статуса | Геновева Генчева |
| 944 ## - СЪЗДАВАНЕ И РЕДАКЦИЯ на ЗАПИСА | |
| Създаване/Редакция | Редакция |
| Дата на регистрацията/редакция | 26.02.2016 |
| Служител, извършил регистрацията/редакцията | Нора_Радева |
| 999 ## - СИСТЕМНИ КОНТРОЛНИ НОМЕРА | |
| Koha biblioitemnumber | 13966 |
| Код за отписване | Код за изгубен артикул | Източник на класификационната схема | Код за повреда | Коз за рестрикции | Код за отдаване | Артикулен № | Име на библиотеката - собственик | Име на библиотеката, в която се намира в момента | Статус (Текущо местоположение) | Дата на вписване в системата | Местоположение - отдел | Цена в лева | Инвентарен номер | Систематично азбучна сигнатура | Баркод | Номер на екземпляра | Цена в евро | Служебна бележка | Служебен тип на артикула |
|---|---|---|---|---|---|---|---|---|---|---|---|---|---|---|---|---|---|---|---|
| Не е изгубен | Universal Decimal Classification | Не е повреден | без рестрикции | ползва се в читалня | 23935 | Регионална библиотека "Любен Каравелов" Русе | Регионална библиотека "Любен Каравелов" Русе | Хранилище | 2001-01-01 | Хранилище | 0.24 | 628627 | Цб 189705 | 120000628627 | 1 | 0.12 | Дост: Dp Вид: Д N: стар фонд Дата: 01.01.1996 | Книги | |
| Изтеглен | Не е изгубен | Universal Decimal Classification | Не е повреден | без рестрикции | заемане за дома | 23936 | Регионална библиотека "Любен Каравелов" Русе | Регионална библиотека "Любен Каравелов" Русе | Детски отдел | 2006-07-26 | Детски отдел | 3.00 | 120000703813 | Д 820/899/Х 32 | 120000703813 | 2 | 1.53 | Дост: Pk Вид: Ф N: 37 Дата: 19.07.2006 Дата инв: 11.08.2015 Бележки инв: Д2015 | Книги |